000 00333nam a22001217a 4500
008 140221b xxu||||| |||| 00| 0 eng d
050 _aPR6053.R8P5
100 _aCrystal, David
_98846
245 _aPilgrimage
_cDavid Crystal
260 _aGreat Britain
_bHoly Island Press
_c1988
300 _a79p. ;
_c22cm.
942 _2lcc
_cMONOGRAPH
999 _c120128
_d120128